The tanagers : (Registro nro. 3013)

Detalles MARC
000 -CABECERA
Campo de control 01050pam a2200277 i 4500
005 - FECHA Y HORA DE LA ULTIMA TRANSACCION
Campo de control 20160106060053.0
008 - ELEMENTOS DE LONGITUD FIJA—INFORMACION GENERAL
Campo de control 850515s1987 wauabf rb 001 0 eng d
020 ## - ISBN
ISBN 0874745535 (pbk.)
040 ## - FUENTE DE CATALOGACIÓN
Agencia catalogadora original DLC
Agencia transcriptora DLC
Agencia Modificadora CO-BoIAVH
041 ## - IDIOMA
Código de idioma para texto/pista de sonido o título separado Inglés
044 ## - PAÍS DE PUBLICACIÓN
País de publicación Estados Unidos
082 00 - NUMERO DE CLASIFICACION DECIMAL DEWEY
Número de clasificación 598.875
Número del ítem I82t
100 1# - ASIENTO PRINCIPAL--NOMBRE PERSONAL
Nombre personal Isler, Morton L.
9 (RLIN) 18196
245 14 - MENCION DE TITULO
Título The tanagers :
Parte restante del título natural history, distribution, and identification /
Mención de responsabilidad Morton L. Isler, and Phyllis R. Isler ; color plates by Morton L. Isler.
260 ## - PUBLICACION, DISTRIBUCION, ETC. (PIE DE IMPRENTA)
Lugar de publicación, distribución, etc. Washington, D.C. :
Nombre del editor, distribuidor, etc. Smithsonian Institution Press,
Fecha de publicación, distribución, etc. c1987.
300 ## - DESCRIPCION FISICA
Extensión 404 p., 32 leaves of plates :
Otros detalles físicos col. ill., maps ;
Dimensiones 24 cm.
500 ## - NOTA GENERAL
Nota general Plumage descriptions on verso of leaves of plates.
500 ## - NOTA GENERAL
Nota general Includes index.
504 ## - NOTA DE BIBLIOGRAFIA, ETC.
Nota de bibliografía Bibliography: p. [374]-391.
650 16 - ASIENTO SECUNDARIO DE MATERIA - TERMINO TEMATICO
Término temático o nombre geográfico como elemento de entrada Tangaras
Subdivisión general Hábitos y conducta
9 (RLIN) 46890
650 26 - ASIENTO SECUNDARIO DE MATERIA - TERMINO TEMATICO
Término temático o nombre geográfico como elemento de entrada Tangaras
Subdivisión general Clasificación
9 (RLIN) 46891
650 26 - ASIENTO SECUNDARIO DE MATERIA - TERMINO TEMATICO
Término temático o nombre geográfico como elemento de entrada Tangaras
Subdivisión general Identificación
9 (RLIN) 46892
650 26 - ASIENTO SECUNDARIO DE MATERIA - TERMINO TEMATICO
Término temático o nombre geográfico como elemento de entrada Tangaras
Subdivisión general Distribución geográfica.
9 (RLIN) 46893
700 1# - ASIENTO SECUNDARIO - NOMBRE PERSONAL
Nombre personal Isler, Phyllis R.
Término de relación autor
9 (RLIN) 18200
942 ## - ELEMENTOS ADICIONALES (KOHA)
Sistema de clasificación Dewey Decimal Classification
Tipo de ítem Libro
Existencias
Withdrawn status Lost status Sistema de Clasificación Damaged status No para préstamo Colección Inventariado Ubicación Permanente Ubicación actual Fecha de adquisición Fuente de Valor Valor Total Checkouts Número topográfico Inventario / Código de Barras Date last seen Ejemplar Price effective from Tipo de material
    Dewey Decimal Classification   Procesos Técnicos General Inventariado 2017 Bogotá Bogotá 04/12/2002 Instituto 39000.00   LB-598.875 I82t 003316 04/12/2012 Ej. 1 04/12/2012 Libro